000 nam a22 7a 4500
999 _c9848
_d9848
008 180208b ||||| |||| 00| 0 eng d
100 _aMoore, P
_9292
245 _aWorlds unforgettable stories
260 _aNew Delhi
_c2012